Nielen "ozubáreň Čo je nové v Novom meste nad Váhom

Podrobná bibliografia
Hlavný autor: (en) (Autor)
Médium: Článok
Jazyk:slovenčina
Fyzický popis:Obr. 3.
Predmet:

MARC

LEADER 00000nab a2200000 a 4500
001 vtls000244170
003 SK-MaSNL
005 20260302211537.0
008 111130c1985 xo 0 slo
015 |a SNBRB19rr/mm-uuuuu 
035 |a CL0254284 
040 |a SNKBUCL  |b slo  |c SNKBUCL  |e AACR2 
041 0 |a slo 
044 |a xo  |c SK 
080 |a 631.3:62-342  |2 1981 
080 |a 62-342  |2 1981 
100 1 |a (en)  |4 aut  |9 906375 
245 1 0 |a Nielen "ozubáreň  |b Čo je nové v Novom meste nad Váhom  |c (en) 
300 |b Obr. 3. 
650 0 7 |a Strojová a traktorová stanica, Nové Mesto nad Váhom  |2 snkbucl  |9 927046 
651 7 |a 5307  |2 snkbucl  |9 284648 
655 7 |a články z novín a časopisov  |2 snkbucl  |9 267496 
773 0 |t Tribúna STS a OPS  |g Roč. 14, č. 12 (1985), s. 7-8 
850 |a Slovenská národná knižnica v Martine  |a MTA001 
852 |a SNK  |b KIS3GCP 
958 |a RK 
992 |a RBX 
999 |c 1485600  |d 1487530